TOUS LES PRÉNOMS (Donnez des suggestions)(MAX : 500) - Statistiques

Statistiques générales
  • Ce quiz a été pris 82 fois
    52 depuis la dernière actualisation
  • Le résultat moyen est 122 sur 476
Statistiques - réponses
1er Lettre Réponse Indice % Correct
K Karim Benzema
88%
A Ali Baba
83%
É Éric Zemmour
83%
J Jean L'agent
78%
A Albert Einstein
75%
J Julie
75%
J Juliette Roméo
73%
A Anna Conda
70%
L Leo
70%
L Lou Bande Dessinée
70%
J Jules César
68%
A Alice Merveilles
65%
C Chris Jésus
65%
J john F. Kennedy
65%
L Louis XIV
65%
M Marie Curie
65%
T Tom Jerry
65%
V Victor Hugo
65%
C Charles Aznavour
63%
N Napoléon Bonapartes
63%
C Céline Dion
60%
E Emma
60%
L Laure
60%
L Lea Elui
60%
L Luc Langevin
60%
M Marine Lepen
60%
M Michel Michou
60%
M Mohamed Ali
60%
R Rose Fleur
60%
A Antoine Griezman
58%
D Dora exploratrice
58%
E Emmanuel Macron
58%
J Jacque
58%
P Patrick L'étoile de mer
58%
P Pierre Cailloux
58%
T Theo
58%
T Thomas Le train
58%
W William Shakespear
58%
C Christophe Colomb
55%
H Harry Potter
55%
J Jeanne
55%
L Laura
55%
M Marc
55%
N Noé Déluge
55%
P Paul
55%
R Roméo Juliette
55%
X Xavier Ligonnès
55%
A Adolf Hitler
53%
C Charlotte Fraises
53%
C Claude François
53%
D Donald Trump
53%
F François
53%
G Gérard Depardieu
53%
J Joseph
53%
K Kim Jong un
53%
L Lionel Messi
53%
L Lucas Hauchard
53%
M Mickey Mouse
53%
E Elvis Presley
50%
É Émilie
50%
K Kev Adam
50%
L Leonardo Dicaprio
50%
L Lisa Simpson
50%
L Lola 2L
50%
L Louise Endroit sans ianne
50%
M Martin Matte
50%
M Maya Abeille
50%
M Michael Jackson
50%
U Ulysse Troie
50%
A Aya Nakamura
48%
C Chloe Gervais
48%
C Claire Contraire de sombre
48%
G Gaston Lagaffe
48%
J James Cameron
48%
J Joséphine Ange Gardien
48%
J Julien Son de Damso
48%
L Lili Double Syllabe
48%
M Max Vitesse
48%
O Omar Sy
48%
Q Quentin
48%
R Robert De Niro
48%
S Steve Jobs
48%
V Vincent 20-100
48%
A Alex
45%
A André
45%
A Anne Franck
45%
B Bob Éponge
45%
C Charlie où est-il ?
45%
E Elie Semoun
45%
F Fabrice Éboué
45%
J Jack le pirate
45%
J Jade Pierre Pécieuse
45%
J Johnny haliday
45%
M Mario Peach
45%
N Noël 25 décembre
45%
R Ryan Gosling
45%
S Steven Spieldberg
45%
Y Yann Et ça fait clic
45%
B Billie Eilish
43%
C Christiano Ronaldo
43%
É Émilien 12 coups
43%
E Emmy Whinehouse
43%
F Fiona Shrek
43%
G George Bush
43%
H Hugo Victor
43%
I Inès Inoxtag
43%
J Jasmine Aladin
43%
K Kevin Eille mon...
43%
L Léna Situation
43%
M Monica Belluci
43%
N Noa
43%
N Noémie
43%
O Olivier
43%
R Romain Gaulois
43%
R Romane
43%
T Tony Parker
43%
A Alexa S'il vous plait
40%
C Cédric Doumbé
40%
C Christopher Nolan
40%
D David Goudreault
40%
E Eve Adam
40%
F Fabien Olicard
40%
F Franck Einstein
40%
H Henri VIII
40%
J Jeff
40%
J Joe Louis
40%
K Karen
40%
K Kendji Jirac
40%
L Laurent AD
40%
M Maël
40%
M Maxime Amixem
40%
N Nathan
40%
N Nicolas
40%
S Sarah
40%
V Valentin Saint
40%
Z Zoé
40%
C Camille
38%
C Clémence Gentillesse
38%
É Élisa
38%
É Élise
38%
I Issa Doumbia
38%
J Jenna Ortega
38%
J Julia
38%
J Justin Trudeau
38%
L Lise
38%
M Maria
38%
M Mathieu
38%
P Phil De fer
38%
T Timothé
38%
A Alexandre Le grand
35%
A Anthony
35%
A Arianna Grande
35%
A Arthur
35%
C Christine
35%
J Jeffrey Dahmer
35%
L Lucie
35%
M Mia
35%
S Sébastien
35%
V Véronique Cloutier
35%
A Alicia
33%
A Aline Dessine
33%
A Amélie
33%
A Anaïs
33%
A Andy Warol
33%
B Bastien
33%
B Bernard
33%
C Carol
33%
C Caroline Titre de film
33%
C Clara Charlotte
33%
D Dan Mark
33%
D Daniel
33%
F Francis
33%
G Gérald Darmanin
33%
H Homer Simpson
33%
J Jim Morisson
33%
K Karine
33%
M Martine
33%
M Marylin Monroe
33%
M Mona Lisa
33%
M Monique
33%
R Rémi Fa sol
33%
S Samuel
33%
S Sandrine
33%
V Virginie Texas
33%
A Alain
30%
D Denis
30%
E Elsa Neige
30%
E Esteban Cités d'or
30%
F Frédéric
30%
I Isabelle
30%
L Lucien
30%
M Maurice Duplessis
30%
M Michelle
30%
N Noah
30%
S Simon Ouvres tes yeux
30%
A Alexis
28%
A Annie Brocoli
28%
B Béatrice
28%
B Benoit
28%
B Blanche Nains
28%
D Danielle
28%
D Dominique
28%
G Guillaume
28%
J Justine
28%
M Maelle
28%
M Mélanie
28%
P Patricia
28%
S Samy Scoobidou
28%
S Sandra
28%
S Stéphane
28%
Y Yves anpotvin
28%
A Adam Paradisio
25%
A Angèle Balance
25%
A Auguste Août
25%
A Aurélie
25%
A Axel F
25%
B Benjamin Le dernier
25%
B Bruno Ne parlons pas de
25%
C Camila Cabello
25%
C Carl
25%
C Cyril Mp4
25%
E Esmeralda Casimodo
25%
E Étienne Amixem
25%
G Gabriel
25%
G Gaël
25%
G Gaëtan
25%
G Gaétan
25%
G Grégoire
25%
H Hugues Aufray
25%
J Jimmy Donaldson
25%
M Maelie
25%
M Marguerite Fleur
25%
S Serge Mon caporal !
25%
S Sofia
25%
S Stéphanie
25%
S Sylvie
25%
Y Yvan Amixem
25%
A Adrien
23%
C Carole
23%
C Cécile
23%
D Denise Bombardier
23%
E Édouard
23%
É Éloi
23%
E Émile
23%
G Gregory Charles
23%
J Jacqueline
23%
J Joëlle Noyeux
23%
J Jordan Chaussures
23%
L Lana À l'envers ouille
23%
M Mathis
23%
O Océane Eaux
23%
O Oscar Petterson
23%
T Tristan
23%
V Vladimir Putin
23%
A Alexia
20%
A Andrea
20%
D Damien
20%
D Dorian
20%
E Estelle
20%
G Gaspard Noé
20%
K Kobe Bryant
20%
L Lina
20%
L Loïc
20%
L Luis De funès
20%
M Marius
20%
M Megan Fox
20%
M Mireille
20%
N Noam
20%
O Olivia
20%
R Roger
20%
T Tailor Swift
20%
T Timéo
20%
V Victoria
20%
Y Yvette
20%
A Alan Foodchallenge
18%
B Bernadette
18%
C Corentin
18%
F Frédérique
18%
J Jerry Allez les filles
18%
L Liam
18%
L Luna
18%
M Minnie Mouse
18%
N Néo Swan
18%
N Noëlle
18%
S Sonia
18%
Y Yvick Mister V
18%
Y Yvon
18%
Z Zia Cités d'or
18%
A Alexandra
15%
A Amélia
15%
C Claudia
15%
C Coralie
15%
C Corinne
15%
D Dylan
15%
É Éloïse
15%
E Enzo
15%
E Ernest
15%
E Evan Totoche
15%
G Gabrielle
15%
G Gisèle
15%
H Hervé
15%
L Lucile
15%
L Ludovic
15%
L Luigi Boo
15%
M Marianne Fosse
15%
N Nadège
15%
N Nadia
15%
O Olaf Neige
15%
P Paula
15%
S Simone
15%
T Thérèse
15%
T Titouan
15%
Y Yvonne
15%
A Angélique Démoniaque
13%
A Anouk
13%
A Axelle
13%
C Cassandra
13%
C Cassandre
13%
C Cindy
13%
C Connor Mcgregor
13%
D Diego Dora
13%
E Eliott
13%
F Felix Feldup
13%
J Jessie James
13%
J Judith
13%
L Léonie
13%
L Linda
13%
M Magalie
13%
M Marth Roy
13%
Y Yasmine
13%
A Abdel
10%
A Amine Billy
10%
A Arianne
10%
B Bénédicte
10%
C Colette
10%
C Cyprien Top jeux 2017
10%
D Dimitri
10%
E Éliane
10%
E Eugène
10%
G Germain Allemand
10%
G Ginette
10%
J Jacob
10%
J Janet Jackson
10%
J Jay Z
10%
J Jenny
10%
L Lison
10%
P Polak PLK
10%
S Samantha
10%
T Theodort WAYEH
10%
T Tyler Creator
10%
U Ursul
10%
A Angelo
8%
A Anis Épice
8%
C Carlos
8%
E Edgar PDG de Brawl Stars
8%
E Edward île du prince
8%
I Isaac
8%
J Josh
8%
J Joshua
8%
L Lorenzo J'vous déteste tous
8%
M Mélodie Musique
8%
M Mya Khalifa
8%
M Mylène
8%
N Nathanaël Ange
8%
O Octave Aussi en musique
8%
P Pedro
8%
P Pierrette
8%
R Rosalie
8%
T Tommy
8%
V Valentina
8%
A Abigaël
5%
A Adélaïde
5%
A Angela Anaconda
5%
A Assya Nasdas
5%
A Aziz
5%
B Barbara Moustache de souris
5%
B Bobby
5%
B Bruce Nita
5%
C Coraline Nom de film
5%
D Daisy Mario
5%
D Darwin Sur le chemin
5%
D Diamond Rihanna
5%
I Ibrahim
5%
I Ismaël
5%
J Jeanette
5%
J Josée
5%
L Larry Lawry
5%
L Lydia
5%
M Maude
5%
M Moïse Sépare en deux
5%
N Norman ALERTE
5%
O Otto Vroum
5%
P Pénélope
5%
R Roseline
5%
A Alexie
3%
A Amir
3%
A Anabelle Chucky
3%
A Archie Roux
3%
B Betty Archie
3%
C Cynthia
3%
D Dave
3%
F Fatima
3%
G Gary L'escargot
3%
G Guylaine
3%
H Hamza Rappeur belge
3%
I Igor
3%
J Johanne
3%
J Johnathan
3%
L Logan Paul
3%
M Mamadou
3%
M Mégane
3%
N Nancy
3%
N Nestor Mais oui tintin
3%
N Noëlla
3%
O Octavia
3%
P Paolo
3%
P Polo Chandail
3%
T Ted
3%
V Véronica Archie
3%
Y Yasmina
3%
Z Zacharie
3%
A Abdoul
0%
A Asma
0%
A Aziza
0%
B Barnabé
0%
B Brock Boom box baby !
0%
B Bryan
0%
C Carmine
0%
C Catrine
0%
C Conrad
0%
D Davis
0%
D Dominic Martin
0%
E Elda
0%
É Élysabeth Morte en 2022
0%
E Emanuelle
0%
E Emmanuella
0%
E Enrique
0%
F Fabia
0%
F Felicia
0%
G Gaya
0%
G Gervaise
0%
G Gidéon
0%
G Gomez Adam
0%
I Ibrahima Diakate
0%
I Ilan
0%
I Imran
0%
J Johannie
0%
J Josué
0%
J Juan
0%
J Julius SCH
0%
J Junior Petit
0%
K Kaïla
0%
K Kimmy
0%
M Mahamat
0%
M Malek
0%
M Margareth
0%
M Maritza
0%
M Maverick
0%
M Mirabelle
0%
N Normand Marineau
0%
R Rebecca
0%
R Réjean
0%
R Rénald
0%
R Roch
0%
S Sadock
0%
S Santiago
0%
S Seong Gi-Hun
0%
S Souleyman
0%
T Thalianne
0%
T Thao Général
0%
T Trésor J'ai trouvé
0%
U Uriel Ange
0%
Y Youssef Swatts
0%
Z Zackary
0%
Aucun quiz correspondant
Distribution des résultats
% des personnes avec chaque résultat
Percentile par nombre de réponses
Votre historique - résultats
Vous n’avez pas pris ce quiz depuis la dernière actualisation